000 01135cam a2200313 a 4500
005 20260322212022.0
008 data
010 _a 2002151041
020 _a0789017873 (hardcover)
020 _a0789017881 (softcover)
020 _a9780789017871 (hardcover)
020 _a9780789017888 (softcover)
040 _aDLC
_cDLC
_dCtY-M
_dCtY-M
042 _apcc
050 0 0 _aRJ506.P55
_bS856 2004
096 _aWM 170 S855p 2004
100 1 _aStien, Phyllis T.
245 1 0 _aPsychological trauma and the developing brain :
_bneurologically based interventions for troubled children /
_cPhyllis T. Stien, Joshua C. Kendall.
260 _aNew York :
_bHaworth Maltreatment and Trauma Press,
_cc2004.
300 _axii, 270 p. :
_bill. ;
_c23 cm.
504 _aIncludes bibliographical references (p. 233-251) and index.
590 _aIncludes bibliographical references (p. 233-251) and index.
650 0 _aPost-traumatic stress disorder in children
_xTreatment.
650 0 _aBrain
_xGrowth.
650 0 _aPediatric neuropsychology.
650 0 _aPediatric neuropsychiatry.
700 1 _aKendall, Joshua C.,
_d1960-
001 data
999 _c487
_d487